Novísimo espejo y doctrinal de caballeros en doce romances / (Record no. 152733)

MARC details
000 -LEADER
campo de control de longitud fija 00884nam a2200217 i 4500
001 - NÚMERO DE CONTROL
campo de control 152733
003 - IDENTIFICADOR DE NÚMERO DE CONTROL
campo de control ES-MaACL
005 - FECHA Y HORA DE LA ÚLTIMA TRANSACCIÓN
campo de control 20230906204845.0
008 - DATOS DE LONGITUD FIJA--INFORMACIÓN GENERAL
campo de control de longitud fija 931025s1887 sp |||| | spa d
100 1# - ENTRADA PRINCIPAL--NOMBRE DE PERSONA
Nombre de persona Bringas, Diego de.
9 (RLIN) 31754
245 10 - MENCIÓN DEL TÍTULO
Título Novísimo espejo y doctrinal de caballeros en doce romances /
Mención de responsabilidad, etc. por Diego de Bringas.
260 ## - PUBLICACIÓN, DISTRIBUCIÓN, ETC.
Lugar de publicación, distribución, etc. Madrid :
Nombre del editor, distribuidor, etc. [s.n.],
Fecha de publicación, distribución, etc. 1887 (
Fabricante A. Perez Dubrull)
300 ## - DESCRIPCIÓN FÍSICA
Extensión 227 p., 1 h. ;
Dimensiones 17 cm.
530 ## - NOTA DISPONIBLE DE FORMULARIO FÍSICO ADICIONAL
Nota de formato físico adicional disponible Disponible en formato digital.
594 ## - Nota al título y mención de responsabilidad
Nota al título y mención de responsabilidad Diego de Bringas es seud. de Santiago de Liniers y Gallo-Alcántara (1842-1908)
597 ## - NOTA DE DESCRIPCIÓN FÍSICA
NOTA DE DESCRIPCIÓN FÍSICA Port. a dos tintas.
599 ## - NOTA A LAS ILUSTRACIONES
NOTA A LAS ILUSTRACIONES Cabezuelas, capitales y viñetas xilográficas.
650 #4 - PUNTO DE ACCESO ADICIONAL DE MATERIA--TÉRMINO DE MATERIA
Término de materia o nombre geográfico como elemento de entrada Caballeros y caballerías-
Subdivisión de forma Poesias.
9 (RLIN) 135699
852 ## - LOCALIZACIÓN
Ubicación ES-MaACL
Número de control de estantería D-2958
856 ## - LOCALIZACIÓN Y ACCESO ELECTRÓNICOS
Identificador Uniforme de Recursos <a href="https://bvpb.mcu.es/es/consulta/registro.do?id=577723 ">https://bvpb.mcu.es/es/consulta/registro.do?id=577723 </a>
Nota pública Biblioteca Virtual del Patrimonio Bibliográfico
Holdings
Estatus retirado Estado de pérdida Estado de daño No para préstamo Colección Biblioteca de origen Biblioteca actual Ubicación en estantería Fecha de adquisición Fuente de adquisición Total de préstamos Signatura topográfica completa Código de barras Visto por última vez Precio de reemplazo Tipo de ítem Koha
        Colección digital Biblioteca del Ateneo de Madrid Biblioteca del Ateneo de Madrid Sala Valle Inclán 17/01/2008     D-2958 901159507 23/02/2023 23/02/2023 Libro impreso antiguo